000 00807nam a2200253Ia 4500
003 OSt
005 20221005033456.0
006 a|||||r|||| 00| 0
007 ta
008 221004b |||||||| |||| 00| 0 fre d
020 _a9788180901362 (hbk)
_c750
024 _a89355
037 _b1572, 24/12/2007, Vidyanidhi Prakashan
_cTextual
040 _aCRL
_cCRL
_bfre
041 _2fre
_afre
082 _aR66x1,1, P7
100 _aPanda N. C. Ed.
245 0 _aUpade sasahasri prose and poetry of Sri Sankaracarya the commentary padayojanika
260 _aDelhi
_bBhartiya Kala Prakashan India
_c2007
300 _axxxiii, 480p.
_ccm.
650 _aPHILOSOPHY
942 _hR66x1,1, P7
_cTEXL
_2cc
999 _c941589
_d941589